Comparative psychology: evolution and development of brain and behavior (Record no. 1228908)

MARC details
000 -LEADER
fixed length control field 00716nam a2200241Ia 4500
005 - DATE AND TIME OF LATEST TRANSACTION
control field 20241129111109.0
008 - FIXED-LENGTH DATA ELEMENTS--GENERAL INFORMATION
fixed length control field 241129s9999||||xx |||||||||||||| ||und||
020 ## - INTERNATIONAL STANDARD BOOK NUMBER
International Standard Book Number 978-1-138-541122
037 ## - SOURCE OF ACQUISITION
Stock number TB
040 ## - CATALOGING SOURCE
Original cataloging agency CRL
Language of cataloging eng
Transcribing agency CRL
041 ## - LANGUAGE CODE
Language code of text/sound track or separate title eng
Source of code eng
084 ## - COLON CLASSIFICATION NUMBER
Classification number S R1
Assigning agency CRL
100 ## - MAIN ENTRY--PERSONAL NAME
Personal name Papini Mauricio R. Au.
9 (RLIN) 723291
245 #0 - TITLE STATEMENT
Title Comparative psychology: evolution and development of brain and behavior
Statement of responsibility, etc. Papini Mauricio R. Au.
250 ## - EDITION STATEMENT
Edition statement 3rd
260 ## - PUBLICATION, DISTRIBUTION, ETC.
Place of publication, distribution, etc. New Delhi, USA
Name of publisher, distributor, etc. Routledge
Date of publication, distribution, etc. 2021
300 ## - PHYSICAL DESCRIPTION
Extent xxii,536p.
365 ## - TRADE PRICE
Price type code UKP
Price amount 59.99
490 ## - SERIES STATEMENT
Series statement Essentials of industrial and organizational psychology
650 ## - SUBJECT ADDED ENTRY--TOPICAL TERM
Topical term or geographic name entry element Psychology
942 ## - ADDED ENTRY ELEMENTS (KOHA)
Koha item type Textbook
Classification part S R1
Holdings
Withdrawn status Lost status Damaged status Not for loan Home library Current library Date acquired Source of acquisition Cost, normal purchase price Inventory number Total Checkouts Full call number Barcode Date last seen Price effective from Koha item type
        Central Library Central Library 2024-11-29 Shivam Book Service 59.99 243 & 01/03/2023   S R1 CL1679707 2024-11-29 2024-11-29 Textbook
Copyright @ Delhi University Library System